000 00458nam a2200169Ia 4500
005 20250415161718.0
008 231217s9999 xx 000 0 und d
020 _a9788131725351
082 _a001.6424JAV HOR1.1;13
100 _aHorstmann, Cay S. Cornell, Gary.
245 0 _aCore Java V.II : advanced features
250 _a8th ed.
260 _c2008
_bPearson Education
_aNew Delhi
300 _axx, 1032
650 _aCore,Java,V.II
942 _cAA
999 _c184797
_d184797